000 01640nam a2200409 i 4500
001 ELB57213
003 FlNmELB
006 m o d |
007 cr cnu||||||||
008 170409s2015 sp o 001 0 spa d
020 _a9788490421918 (e-book)
035 _a(MiAaPQ)EBC4776132
035 _a(Au-PeEL)EBL4776132
035 _a(CaPaEBR)ebr11322782
035 _a(OCoLC)991898036
040 _aFINmELB
_bspa
_erda
_cFINmELB
050 4 _aP306
_bT763 2015
080 _a82.03:93
082 0 _a418.02
_223
245 0 0 _aTraducir la historia desde diferentes prismas /
_cGisela Marcelo Wirnitzer (coord.).
264 1 _aLas Palmas de Gran Canaria :
_bUniversidad de Las Palmas de Gran Canaria. Servicio de Publicaciones y Difusión Científica,
_c[2015]
300 _a1 recurso en línea (363 páginas)
336 _atexto
_btxt
_2rdacontent/spa
337 _acomputadora
_bc
_2rdamedia/spa
338 _arecurso en línea
_bcr
_2rdacarrier/spa
500 _aContiene índice.
588 _aDescripción basada en recurso en línea; Título de la página del título en PDF (e-libro, visto April 09, 2017).
590 _aRecurso electronico. Santa Fe, Arg. : e-libro, 2016. Disponible via World Wide Web. El acceso puede ser limitado para las bibliotecas afiliadas a e-libro.
650 0 _aTranslating and interpreting.
650 4 _aTraducción e interpretación.
651 0 _aSpain
_xHistory.
651 4 _aEspaña
_xHistoria.
655 4 _aLibros electrónicos.
700 1 _aMarcelo Wirnitze, Gisela,
_ecoordinadora.
797 2 _ae-libro, Corp.
856 4 0 _uhttps://elibro.net/ereader/usam/57213
999 _c145705
_d145705